=LDR 00000nam 2200000 4500 =001 INLIS000000000020514 =005 20240802035615 =035 ##$$a 0010-061300000020514 =008 240802################g##########0#ind## =041 ##$$a Ind =082 ##$$a R.540.3 =090 ##$$a R.540.3, Sar k =100 ##$$a Sarjoni Basri =245 1#$$a Kamus kimia, /$c Ir. Sarjoni Basri =260 ##$$a Jakarta :$b Rineka Cipta,$c 2003 =300 ##$$a vi, 247 hlm ; $c 20 x 14 cm. =650 #4$$a Kimia-Kamus =850 ##$$a NBPNMAT =020 ##$$a 979-518-642-6 =084 ##$$a R.540.3 SAR k =250 ##$$a Cet. 2